000 00305nam a22001217a 4500
008 230703b xxu||||| |||| 00| 0 eng d
082 _a351
_bBLS
100 _cBCL
245 _aOntario and Federal Family Legislation
260 _aCanada
_bButterworths Canada Ltd
_c1995
300 _a943p
942 _2ddc
_cBK
999 _c3179
_d3179